| 000 | 02764nam a2200325 a 4500 | ||
|---|---|---|---|
| 003 | OSt | ||
| 005 | 20241125134123.0 | ||
| 007 | cr ||||||a|c|a | ||
| 008 | 240808s2023 mx a|||fom||| 001 0 spa d | ||
| 040 | _erda | ||
| 100 | 1 |
_aRuvalcaba Ramírez, Rubén _9189390 |
|
| 245 | 1 |
_aAsociación de un orthotospovirus a la mancha anular de los frutos del tomate de cascara (Physalis philadelphica Lam.) en Tabasco, Zacatecas / _cpor Rubén Ruvalcaba Ramírez; director de tesis Alfonsina Judith Hernández Juarez; secretario Camilo Hernández Juarez; vocal Luis Emilio Castillo Márquez; suplente Dimas Mejía Sánchez; suplente Luis Martín Rivera Sosa. |
|
| 264 | 1 |
_aChapingo, México : _bEl autor, _c2023. |
|
| 300 |
_a1 recurso en línea (90 páginas): _bfiguras, cuadros. |
||
| 336 |
_2rdacontent _atexto _btxt |
||
| 337 |
_2rdamedia _acomputadora _bc |
||
| 338 |
_2rdacarrier _arecurso en línea _bcr |
||
| 502 |
_bIAEPA _cParasitología _d2023. _gLIC |
||
| 504 | _aIncluye referencias bibliográficas: páginas 76-90. | ||
| 520 | _aLa etiología de la enfermedad de las manchas anulares en los frutos de tomate de cáscara en Tabasco, Zacatecas es esconocida. Para determinar esto se realizaron pruebas biológicas, histopatológicas, así como la amplificación por RT-PCR y PCR para determinar la etiología del agente causante. Los síntomas obtenidos por la inoculación mecánica en plantas diferenciales difirieron a los descritos por otros autores, lo cual podría deberse a diferencias en las condiciones ambientales o en el inóculo utilizado. Se observaron cuerpos de inclusión amorfos y gránulos en las células de las nervaduras de las hojas de Capsicum annum L. Esto junto con los síntomas obtenidos coinciden con las características descritas para un virus del género Orthotospovirus. La amplificación de un fragmento de 453 pb del ORF de la nucleocápside mediante RT-PCR confirmó esta hipótesis. El alineamiento de las secuencias consenso obtenidas a partir de los fragmentos amplificados mostró un 100% de cobertura y 87.82% de identidad con Orthotospovirus impatiensnecromaculae (Impatiens necrotic spot Orthotospovirus). | ||
| 650 | 4 |
_aMancha anular del tomate de cáscara _9189391 |
|
| 650 | 7 |
_aOrthotospovirus impatiensnecromaculae _xIdentificación _9189392 |
|
| 700 | 1 |
_aHernández, Alfonsina Judith _9189395 _eDirector de tesis. |
|
| 700 | 0 |
_aHernández Juárez, Camilo _954197 _eSecretario. |
|
| 700 | 0 |
_aCastillo Márquez, Luis Emilio _920176 _eVocal. |
|
| 700 | 0 |
_aMejía Sánchez, Dimas _974288 _eSuplente. |
|
| 700 | 1 |
_aRivera Sosa, Luis Martín _9189396 _eSuplente. |
|
| 856 |
_uhttp://10.13.5.2/tesis/tl/1412291-1_Ruvalcaba_Ramirez_Ruben.pdf _zDESCARGAR PDF |
||
| 942 |
_2Clasificación Universidad Autónoma Chapingo _cTD |
||
| 999 |
_c220067 _d220067 |
||